00299nam a2200133Ia 4500003000400000005001700004008004100021020001500062040001700077100001900094245002800113260001500141260000900156OSt20240318150833.0170524s9999 xx 000 0 und d a8120325818 cIIMTU MEERUT aRajaraman - V. 0aFundamental of Computer bP . H . I. c1999